[Event "WY U-16 Chess Olympiad 2019"]
[Site "Corum"]
[Date "2019.11.03"]
[Round "6"]
[White "Dahampriya, H K T Dewnethmie"]
[Black "Pirmetova, Dariga"]
[Result "0-1"]
[WhiteElo "1629"]
[BlackElo "1379"]
[Annotator "NA"]
[PlyCount "74"]
[EventDate "2019.10.28"]
[EventType "team-tourn"]
[EventCountry "TUR"]
[SourceTitle "playchess.com"]
[Source "ChessBase"]
[SourceQuality "1"]

1. e4 Nf6 2. e5 Nd5 3. d4 d6 4. Nf3 g6 5. c4 Nb6 6. Nc3 Bg7 7. exd6 cxd6 8. Be2 Bg4 9. Be3 Nc6 10. b3 O-O 11. Rc1 d5 12. c5 Nc8 13. h3 Bxf3 14. Bxf3 e6 15. Ne2 N8e7 16. Qd2 e5 17. dxe5 Nxe5 18. Nd4 Nxf3+ 19. Nxf3 Nf5 20. O-O Nxe3 21. Qxe3 d4 22. Qe4 Qd7 23. Rfd1 Rad8 24. Rd3 Rfe8 25. Qf4 Qd5 26. Qd2 Re7 27. b4 Red7 28. a3 a6 29. Qc2 Rc7 30. Rcd1 Qe4 31. Qc4 Rcd7 32. Kf1 h5 33. R1d2 Re8 34. Qc2 Red8 35. Qb3 Re8 36. Qa4 Red8 37. Re2 Qxd3 0-1

[Event "WY U-16 Chess Olympiad 2019"]
[Site "Corum"]
[Date "2019.11.03"]
[Round "6"]
[White "Aman Deepak Thadani"]
[Black "Gardiner, Noa Saxon"]
[Result "1-0"]
[WhiteElo "1627"]
[BlackElo "1311"]
[Annotator "NA"]
[PlyCount "71"]
[EventDate "2019.10.28"]
[EventType "team-tourn"]
[EventCountry "TUR"]
[SourceTitle "playchess.com"]
[Source "ChessBase"]
[SourceQuality "1"]

1. d4 Nf6 2. c4 e6 3. Nf3 b6 4. Nc3 Bb4 5. Bg5 Bb7 6. e3 h6 7. Bh4 g5 8. Bg3 Ne4 9. Qc2 f5 10. Be5 O-O 11. Bd3 Bxc3+ 12. bxc3 d6 13. Bg3 Nd7 14. O-O Ndf6 15. Nd2 Nxd2 16. Qxd2 Ne4 17. Qc2 Qe7 18. f3 Nxg3 19. hxg3 c5 20. e4 f4 21. gxf4 Rxf4 22. g3 Rf7 23. Kg2 Rc8 24. Rh1 Rcf8 25. Rxh6 Rxf3 26. Rah1 Rf2+ 27. Qxf2 Rxf2+ 28. Kxf2 Qf8+ 29. Ke2 Qg7 30. Rxe6 cxd4 31. Rhh6 Kf7 32. Rxd6 Ke8 33. Rhe6+ Kf8 34. Rd8+ Kf7 35. Rd7+ Kxe6 36. Rxg7 1-0

[Event "WY U-16 Chess Olympiad 2019"]
[Site "Corum"]
[Date "2019.11.03"]
[Round "6"]
[White "Dinham, James"]
[Black "Taban, Yagiz"]
[Result "0-1"]
[WhiteElo "1589"]
[BlackElo "1591"]
[Annotator "NA"]
[PlyCount "62"]
[EventDate "2019.10.28"]
[EventType "team-tourn"]
[EventCountry "TUR"]
[SourceTitle "playchess.com"]
[Source "ChessBase"]
[SourceQuality "1"]

1. e4 c5 2. Nf3 e6 3. d4 cxd4 4. Nxd4 a6 5. Bd3 Qc7 6. c4 Nf6 7. Qe2 d6 8. O-O Be7 9. b3 Nc6 10. Nxc6 bxc6 11. Bb2 e5 12. Nd2 O-O 13. h3 Nd7 14. f4 Bf6 15. f5 Rd8 16. Rae1 Nc5 17. Bc2 a5 18. Kh1 Ba6 19. Qe3 Qe7 20. Nf3 Rab8 21. Bc3 a4 22. b4 Nd7 23. Bxa4 Bxc4 24. Bxc6 Bxf1 25. Rxf1 Rdc8 26. b5 Nc5 27. Bb4 Rxc6 28. bxc6 Rxb4 29. Qa3 Rb6 30. Kh2 Qc7 31. Qa8+ Rb8 0-1

[Event "WY U-16 Chess Olympiad 2019"]
[Site "Corum"]
[Date "2019.11.03"]
[Round "6"]
[White "Jingjang, Shin"]
[Black "Mohamed Ali S"]
[Result "1-0"]
[WhiteElo "1584"]
[BlackElo "1073"]
[Annotator "NA"]
[PlyCount "81"]
[EventDate "2019.10.28"]
[EventType "team-tourn"]
[EventCountry "TUR"]
[SourceTitle "playchess.com"]
[Source "ChessBase"]
[SourceQuality "1"]

1. d4 d5 2. Nf3 Nf6 3. Bf4 Nc6 4. e3 Bf5 5. c4 e6 6. a3 Bd6 7. Bg3 O-O 8. Nc3 Ne7 9. Be2 Ng6 10. O-O Re8 11. cxd5 Nxd5 12. Nxd5 exd5 13. b4 c6 14. Qb3 Qe7 15. Rfc1 h6 16. Rc3 Qe6 17. Rac1 Ne7 18. Bxd6 Qxd6 19. Nd2 a6 20. a4 Kh8 21. Bd3 Bxd3 22. Rxd3 g5 23. f3 h5 24. e4 Rg8 25. Rf1 h4 26. e5 Qe6 27. Qd1 h3 28. g3 Qf5 29. Nb3 g4 30. fxg4 Qxg4 31. Rxf7 Qh4 32. Qf3 Qh6 33. Rxe7 Raf8 34. Qe3 Rf4 35. Nc5 Qh4 36. Rxb7 Rfg4 37. Qf3 Rxg3+ 38. hxg3 h2+ 39. Kh1 Qh3 40. Qf6+ Rg7 41. Qxg7# 1-0

[Event "WY U-16 Chess Olympiad 2019"]
[Site "Corum"]
[Date "2019.11.03"]
[Round "6"]
[White "Claassen, Jean-Daniel"]
[Black "Veljanoski, Andrej"]
[Result "0-1"]
[WhiteElo "1573"]
[BlackElo "1936"]
[Annotator "NA"]
[PlyCount "104"]
[EventDate "2019.10.28"]
[EventType "team-tourn"]
[EventCountry "TUR"]
[SourceTitle "playchess.com"]
[Source "ChessBase"]
[SourceQuality "1"]

1. e4 e5 2. Nf3 Nc6 3. d4 exd4 4. Nxd4 Nf6 5. Nxc6 bxc6 6. e5 Qe7 7. Qe2 Nd5 8. c4 Nb6 9. b3 a5 10. Bb2 a4 11. Nd2 axb3 12. axb3 Rxa1+ 13. Bxa1 Qa3 14. Qd1 Bb4 15. Bd3 Qa5 16. Bd4 O-O 17. Qc2 h6 18. Ke2 Qa8 19. Ne4 Re8 20. Ra1 Qb8 21. Nf6+ gxf6 22. Bh7+ Kh8 23. Qf5 Bf8 24. Qxf6+ Bg7 25. Qxf7 Rf8 26. Qe7 Kxh7 27. e6 Rg8 28. Ra5 dxe6 29. Rh5 e5 30. Rxe5 Bg4+ 31. f3 Nc8 32. Qf7 Nd6 33. Qf4 Bxe5 34. Bxe5 Qe8 35. Kf2 Bh5 36. c5 Nb5 37. h4 Rf8 38. Qg3 Qg6 39. Qh3 Qg4 40. Qh2 Nd4 41. Bxc7 Rxf3+ 42. gxf3 Qxf3+ 43. Ke1 Qd1+ 44. Kf2 Qe2+ 45. Kg1 Nf3+ 46. Kh1 Nxh2 47. Bxh2 Bg4 48. Kg1 Bh3 49. Kh1 Kg6 50. b4 Kf5 51. b5 Kg4 52. bxc6 Qg2# 0-1

[Event "WY U-16 Chess Olympiad 2019"]
[Site "Corum"]
[Date "2019.11.03"]
[Round "6"]
[White "Popovic, Mateja"]
[Black "Pipiras, Filipa Fortuna"]
[Result "0-1"]
[WhiteElo "1535"]
[BlackElo "1939"]
[Annotator "NA"]
[PlyCount "84"]
[EventDate "2019.10.28"]
[EventType "team-tourn"]
[EventCountry "TUR"]
[SourceTitle "playchess.com"]
[Source "ChessBase"]
[SourceQuality "1"]

1. d4 Nf6 2. Nf3 e6 3. Bg5 c5 4. e3 h6 5. Bh4 b6 6. Nbd2 Bb7 7. c3 Be7 8. Bd3 O-O 9. O-O Nc6 10. dxc5 bxc5 11. e4 d6 12. Nc4 Qc7 13. Re1 Rfd8 14. e5 dxe5 15. Nfxe5 Nxe5 16. Nxe5 Ba6 17. Qf3 Bb7 18. Qe2 Bd5 19. Bc4 Bxc4 20. Qxc4 Qb6 21. Re2 Rd5 22. Rae1 h5 23. h3 Re8 24. Qa4 Rc8 25. Bxf6 Bxf6 26. Nd7 Qd8 27. Nxf6+ Qxf6 28. Qxa7 Qf4 29. Qe7 Rc7 30. Qe8+ Kh7 31. Qb5 c4 32. Qa4 Qd6 33. Re4 Qc5 34. Qc2 g6 35. Qe2 Qb5 36. a3 Qb3 37. Re5 Rb7 38. Rxd5 exd5 39. Rb1 d4 40. cxd4 c3 41. Qd3 c2 42. Qxb3 cxb1=Q+ 0-1

[Event "WY U-16 Chess Olympiad 2019"]
[Site "Corum"]
[Date "2019.11.03"]
[Round "6"]
[White "Magzumov, Damirali"]
[Black "Nanayakkara, J A K Saranath"]
[Result "1-0"]
[WhiteElo "1522"]
[BlackElo "1924"]
[Annotator "NA"]
[PlyCount "151"]
[EventDate "2019.10.28"]
[EventType "team-tourn"]
[EventCountry "TUR"]
[SourceTitle "playchess.com"]
[Source "ChessBase"]
[SourceQuality "1"]

1. e4 c5 2. Nf3 d6 3. d4 cxd4 4. Nxd4 Nf6 5. Nc3 a6 6. Bg5 Nbd7 7. f4 Qc7 8. Qe2 e6 9. O-O-O Be7 10. g4 h6 11. Bh4 g5 12. fxg5 hxg5 13. Bxg5 Ne5 14. h4 Nfxg4 15. Bh3 Nf6 16. Rhf1 Nh5 17. Qf2 Bxg5+ 18. hxg5 Qe7 19. Kb1 Qxg5 20. Ndb5 axb5 21. Nxb5 Ra6 22. Nc7+ Ke7 23. Nxa6 bxa6 24. Qb6 Rd8 25. Qc7+ Kf8 26. Rxd6 Rxd6 27. Qxd6+ Kg7 28. Qc5 Kh7 29. Rg1 Qf6 30. Qxc8 Nf3 31. Qg8+ Kh6 32. Rh1 Nd2+ 33. Ka1 Nc4 34. Qb8 Qf3 35. Qh8+ Kg5 36. Rg1+ Ng3 37. Qg7+ Kf4 38. Qf6+ Kxe4 39. Re1+ Ne3 40. Qc3 Kf4 41. Qc7+ Kg5 42. Qe5+ Nef5 43. Bxf5 exf5 44. Rg1 Kg4 45. Qg7+ Kh3 46. Qxf7 Kh2 47. Re1 Qf2 48. Qe6 f4 49. Qh6+ Kg2 50. Qe6 f3 51. c4 Ne2 52. Qg4+ Ng3 53. Rd1 Qe2 54. Qd4 f2 55. Qd5+ Kh2 56. a3 f1=Q 57. Rxf1 Nxf1 58. Qd6+ Kg1 59. Qg6+ Kf2 60. Qf6+ Ke1 61. Qh4+ Kd1 62. Qd4+ Nd2 63. c5 Qf1 64. Ka2 Qf7+ 65. Ka1 Qf5 66. Qg1+ Kc2 67. c6 Qe5 68. Qg6+ Kb3 69. Qd3+ Ka4 70. Qxa6+ Kb3 71. Qd3+ Ka4 72. Qxd2 Kb5 73. Qc3 Qf5 74. c7 Qc8 75. Qb4+ Ka6 76. Qb8 1-0

[Event "WY U-16 Chess Olympiad 2019"]
[Site "Corum"]
[Date "2019.11.03"]
[Round "6"]
[White "Thenuwara, Rashmika"]
[Black "Sapenov, Daniyal"]
[Result "1/2-1/2"]
[WhiteElo "1507"]
[BlackElo "1656"]
[Annotator "NA"]
[PlyCount "78"]
[EventDate "2019.10.28"]
[EventType "team-tourn"]
[EventCountry "TUR"]
[SourceTitle "playchess.com"]
[Source "ChessBase"]
[SourceQuality "1"]

1. d4 g6 2. Nf3 Bg7 3. c3 d6 4. Bf4 Nd7 5. e3 e5 6. dxe5 dxe5 7. Bg3 Qe7 8. Bc4 Ngf6 9. Nbd2 O-O 10. O-O h6 11. h3 c6 12. Qc2 Kh8 13. Rad1 b5 14. Be2 Bb7 15. a3 a6 16. Nb3 c5 17. c4 b4 18. a4 a5 19. Nfd2 Bc6 20. Nc1 Rad8 21. Rfe1 Nb6 22. b3 Nc8 23. Nd3 Ne4 24. Nxe4 Bxe4 25. f3 Ba8 26. e4 Nb6 27. Bf2 Nd7 28. Bf1 Rfe8 29. Nb2 Nf8 30. Rxd8 Rxd8 31. Rd1 Ne6 32. Rxd8+ Qxd8 33. Qd1 Qe7 34. Qd2 Bc6 35. Qd1 Bf8 36. Nd3 Bg7 37. Nb2 Bf8 38. Nd3 Bg7 39. Nb2 Bf8 1/2-1/2

[Event "WY U-16 Chess Olympiad 2019"]
[Site "Corum"]
[Date "2019.11.03"]
[Round "6"]
[White "Lee, Dariya"]
[Black "Babayeva, Nasrin"]
[Result "1-0"]
[WhiteElo "1423"]
[BlackElo "1547"]
[Annotator "NA"]
[PlyCount "89"]
[EventDate "2019.10.28"]
[EventType "team-tourn"]
[EventCountry "TUR"]
[SourceTitle "playchess.com"]
[Source "ChessBase"]
[SourceQuality "1"]

1. c4 e5 2. Nc3 Nc6 3. g3 f5 4. Bg2 Nf6 5. e3 Bc5 6. Nge2 Bb4 7. O-O O-O 8. d4 Bxc3 9. Nxc3 e4 10. Qb3 d6 11. Bd2 Kh8 12. Nd5 Rb8 13. Rac1 Ne7 14. Rfd1 Be6 15. Nxf6 Rxf6 16. d5 Bf7 17. Bc3 Rh6 18. Bd4 b6 19. Qc3 Qf8 20. f3 Bg6 21. fxe4 fxe4 22. Rf1 Qg8 23. Rf4 b5 24. Bxa7 Ra8 25. Rcf1 bxc4 26. Bd4 Nf5 27. Qxc4 Nxd4 28. Qxd4 Rh5 29. Bxe4 Bxe4 30. Qxe4 Re5 31. Qc4 Re7 32. Qc6 Rae8 33. a4 Rxe3 34. Qxc7 Ra8 35. Qxd6 Ree8 36. Rf7 Red8 37. Qc5 Rac8 38. Qd4 Ra8 39. d6 Ra6 40. d7 Raa8 41. Qd6 h6 42. a5 Rab8 43. b4 Ra8 44. a6 Rdb8 45. b5 1-0

[Event "WY U-16 Chess Olympiad 2019"]
[Site "Corum"]
[Date "2019.11.03"]
[Round "6"]
[White "Tastekin, Ebrar Gozde"]
[Black "Putter, Nicola"]
[Result "0-1"]
[WhiteElo "1313"]
[BlackElo "1421"]
[Annotator "NA"]
[PlyCount "50"]
[EventDate "2019.10.28"]
[EventType "team-tourn"]
[EventCountry "TUR"]
[SourceTitle "playchess.com"]
[Source "ChessBase"]
[SourceQuality "1"]

1. d4 d5 2. c4 e6 3. Nf3 Nf6 4. Nc3 Be7 5. Bf4 c6 6. e3 Nbd7 7. c5 O-O 8. Bd3 Nh5 9. Bg3 Nxg3 10. hxg3 g6 11. Qc2 e5 12. dxe5 Nxc5 13. O-O-O Qc7 14. Rh2 Nxd3+ 15. Qxd3 Bg4 16. Rdh1 h5 17. Nh4 Qxe5 18. f3 Bxh4 19. Rxh4 Bf5 20. Qd2 Qxg3 21. e4 dxe4 22. Qh6 exf3 23. R1h3 Qe1+ 24. Nd1 Rfd8 25. Rh1 Rxd1# 0-1

[Event "WY U-16 Chess Olympiad 2019"]
[Site "Corum"]
[Date "2019.11.03"]
[Round "6"]
[White "Claassen, Anke"]
[Black "Cheng, Amanda"]
[Result "1-0"]
[WhiteElo "1295"]
[BlackElo "1420"]
[Annotator "NA"]
[PlyCount "67"]
[EventDate "2019.10.28"]
[EventType "team-tourn"]
[EventCountry "TUR"]
[SourceTitle "playchess.com"]
[Source "ChessBase"]
[SourceQuality "1"]

1. e4 c5 2. Nc3 e6 3. f4 Nc6 4. Nf3 d5 5. d3 Nge7 6. g3 dxe4 7. dxe4 Qxd1+ 8. Nxd1 Nb4 9. Ne3 b6 10. Bb5+ Nbc6 11. Ne5 Bb7 12. N3c4 Rd8 13. Be3 a6 14. Bxc6+ Nxc6 15. Nxc6 Bxc6 16. Nd2 f5 17. O-O fxe4 18. Rfe1 Be7 19. Re2 O-O 20. Bf2 Rf6 21. Nxe4 Rg6 22. Nc3 Rf8 23. Rae1 Bd7 24. Rd2 Bc8 25. Red1 b5 26. Ne4 c4 27. Bc5 Kf7 28. Bxe7 Kxe7 29. Rd6 a5 30. Rb6 b4 31. Rb5 Rf5 32. Rc5 Bd7 33. Rxc4 Bb5 34. Rc7+ 1-0

[Event "WY U-16 Chess Olympiad 2019"]
[Site "Corum"]
[Date "2019.11.03"]
[Round "6"]
[White "Bester, Carla"]
[Black "Kiripitige, Chathula"]
[Result "0-1"]
[WhiteElo "1260"]
[BlackElo "1665"]
[Annotator "NA"]
[PlyCount "52"]
[EventDate "2019.10.28"]
[EventType "team-tourn"]
[EventCountry "TUR"]
[SourceTitle "playchess.com"]
[Source "ChessBase"]
[SourceQuality "1"]

1. e4 e5 2. Nf3 Nc6 3. d4 exd4 4. Bc4 Bc5 5. c3 d6 6. cxd4 Bb4+ 7. Nc3 Nf6 8. d5 Bxc3+ 9. bxc3 Ne7 10. Bd3 O-O 11. O-O Bg4 12. Qe2 Re8 13. c4 Ng6 14. h3 Bxf3 15. Qxf3 Ne5 16. Qe3 Nxd3 17. Qxd3 Nxe4 18. Bb2 Nc5 19. Qc2 Qg5 20. f4 Qh4 21. Qc3 f6 22. Qc2 Re4 23. Bc1 Rae8 24. Bd2 Re2 25. Qd1 Qg3 26. Rf2 Qxf2+ 0-1

[Event "WY U-16 Chess Olympiad 2019"]
[Site "Corum"]
[Date "2019.11.03"]
[Round "6"]
[White "Watkins, Rachel Jane"]
[Black "Shaw, Laurie Ann"]
[Result "0-1"]
[WhiteElo "1212"]
[BlackElo "1274"]
[Annotator "NA"]
[PlyCount "106"]
[EventDate "2019.10.28"]
[EventType "team-tourn"]
[EventCountry "TUR"]
[SourceTitle "playchess.com"]
[Source "ChessBase"]
[SourceQuality "1"]

1. e4 c5 2. Nf3 Nc6 3. d4 cxd4 4. Nxd4 g6 5. Nc3 Bg7 6. Be3 Nf6 7. Bc4 Qa5 8. O-O O-O 9. Re1 d6 10. a3 Ng4 11. Nxc6 bxc6 12. Qd2 Nxe3 13. Qxe3 Rb8 14. Rab1 Rb7 15. Red1 Bd7 16. Bb3 Qc7 17. Qg5 Be6 18. Bxe6 fxe6 19. Qe3 Be5 20. b4 Qb6 21. Rd3 Qxe3 22. fxe3 Rfb8 23. Ne2 c5 24. c3 a5 25. Nf4 axb4 26. axb4 cxb4 27. cxb4 Rxb4 28. Rxb4 Rxb4 29. Nxe6 Rxe4 30. Nd4 Rxe3 31. Rd1 Bxd4 32. Rxd4 Re5 33. Kf2 Kf7 34. Kf3 Rf5+ 35. Kg3 Kf6 36. Kg4 d5 37. Kg3 e6 38. h3 Ke5 39. Rd2 d4 40. Re2+ Kd5 41. Rd2 e5 42. Kg4 e4 43. h4 e3 44. Re2 Ke4 45. h5 Rf2 46. Re1 Rxg2+ 47. Kh3 Rg5 48. hxg6 hxg6 49. Kh4 Rg2 50. Kh3 Rf2 51. Kg3 d3 52. Rd1 Rf3+ 53. Kg2 e2 0-1

[Event "WY U-16 Chess Olympiad 2019"]
[Site "Corum"]
[Date "2019.11.03"]
[Round "6"]
[White "Schonken, Christina"]
[Black "Angjelkoska Jana"]
[Result "0-1"]
[WhiteElo "1166"]
[BlackElo "1441"]
[Annotator "NA"]
[PlyCount "96"]
[EventDate "2019.10.28"]
[EventType "team-tourn"]
[EventCountry "TUR"]
[SourceTitle "playchess.com"]
[Source "ChessBase"]
[SourceQuality "1"]

1. c4 c5 2. Nc3 Nc6 3. Nf3 g6 4. g3 Bg7 5. Bg2 d6 6. O-O Bd7 7. d3 a6 8. Bd2 Rb8 9. a4 Nf6 10. Bg5 O-O 11. d4 cxd4 12. Nxd4 Qb6 13. Nxc6 Bxc6 14. Nd5 Bxd5 15. cxd5 Qxb2 16. Rb1 Qa2 17. Re1 Rfc8 18. Qb3 Rc2 19. Qxa2 Rxa2 20. Rb4 a5 21. Rc4 h6 22. Be3 b5 23. axb5 Rxb5 24. Rc7 Nxd5 25. Bxd5 Rxd5 26. Rxe7 g5 27. Kf1 Bb2 28. Ra7 a4 29. Bb6 a3 30. e3 Rd2 31. Kg2 Bc3 32. Rf1 Bb4 33. Bd4 Bc5 34. Ra8+ Kh7 35. Rh8+ Kg6 36. Rg8+ Kf5 37. g4+ Kxg4 38. h3+ Kf5 39. Bxc5 dxc5 40. Kg3 Rab2 41. Ra8 a2 42. Ra5 Rdc2 43. e4+ Kxe4 44. Ra4+ Kd3 45. Ra3+ Rc3 46. Rd1+ Kc2+ 47. Rxc3+ Kxc3 48. Re1 Kd4 0-1

[Event "WY U-16 Chess Olympiad 2019"]
[Site "Corum"]
[Date "2019.11.03"]
[Round "6"]
[White "Mohamed Ali S"]
[Black "Mekarapiruk, Chawit"]
[Result "0-1"]
[WhiteElo "1073"]
[BlackElo "1657"]
[Annotator "NA"]
[PlyCount "54"]
[EventDate "2019.10.28"]
[EventType "team-tourn"]
[EventCountry "TUR"]
[SourceTitle "playchess.com"]
[Source "ChessBase"]
[SourceQuality "1"]

1. e4 c5 2. Nf3 d6 3. Bc4 Nf6 4. Nc3 e6 5. O-O Nc6 6. d4 cxd4 7. Nxd4 a6 8. a3 Be7 9. Be3 O-O 10. Nxc6 bxc6 11. Na4 Nxe4 12. Qh5 Nf6 13. Qf3 d5 14. Ba2 Bd7 15. Rfd1 Rb8 16. c4 e5 17. cxd5 cxd5 18. Nc5 Bg4 19. Qg3 Bxd1 20. Rxd1 Bxc5 21. Bxc5 Re8 22. Rd3 Ne4 23. Qh3 Rxb2 24. f3 Nxc5 25. Rxd5 Qb6 26. Rxe5 Nd3+ 27. Kf1 Qf2# 0-1

[Event "WY U-16 Chess Olympiad 2019"]
[Site "Corum"]
[Date "2019.11.03"]
[Round "7"]
[White "Sindarov, Javokhir"]
[Black "Assaubayeva, Bibisara"]
[Result "1-0"]
[WhiteElo "2513"]
[BlackElo "2381"]
[Annotator "TA"]
[PlyCount "107"]
[EventDate "2019.10.28"]
[EventType "team-tourn"]
[EventCountry "TUR"]
[SourceTitle "playchess.com"]
[Source "ChessBase"]
[SourceQuality "1"]

1. e4 c5 2. Nc3 Nc6 3. Nge2 e5 4. Nd5 d6 5. Nec3 Nf6 6. Nxf6+ Qxf6 7. Nd5 Qd8 8. Bc4 Be6 9. O-O Be7 10. d3 O-O 11. f4 exf4 12. Bxf4 Ne5 13. Kh1 Bg5 14. Bxe5 dxe5 15. Nc3 Qe7 16. Bxe6 fxe6 17. Qg4 Rf6 18. Rxf6 Qxf6 19. Ne2 Rf8 20. Ng1 g6 21. Nf3 Bh6 22. a4 b6 23. Rf1 Be3 24. Qg3 Bh6 25. Qe1 Bg7 26. g3 Qe7 27. Kg2 h6 28. Qc3 Qd6 29. Qc4 g5 30. h3 Rf7 31. Qb5 Qd7 32. Nd2 Qxb5 33. axb5 Rxf1 34. Nxf1 h5 35. Kf3 Kf7 36. g4 h4 37. Ke2 Ke7 38. Kd2 Kd7 39. Kc3 Bf6 40. Kc4 Kc7 41. Nd2 Kd7 42. Nf3 Kc7 43. c3 Kd7 44. b4 cxb4 45. Kxb4 Be7+ 46. Kc4 Bf6 47. d4 Kc7 48. Ne1 Kd7 49. Nd3 Kc7 50. Nb4 Kd7 51. d5 Kd6 52. dxe6 Be7 53. Nd5 Bd8 54. e7 1-0

[Event "WY U-16 Chess Olympiad 2019"]
[Site "Corum"]
[Date "2019.11.03"]
[Round "7"]
[White "Galperin, Platon"]
[Black "Lin, Yi"]
[Result "1/2-1/2"]
[WhiteElo "2469"]
[BlackElo "2425"]
[Annotator "TA"]
[PlyCount "81"]
[EventDate "2019.10.28"]
[EventType "team-tourn"]
[EventCountry "TUR"]
[SourceTitle "playchess.com"]
[Source "ChessBase"]
[SourceQuality "1"]

1. c4 g6 2. d4 Nf6 3. Nc3 d5 4. cxd5 Nxd5 5. e4 Nxc3 6. bxc3 Bg7 7. Qa4+ Nd7 8. Nf3 O-O 9. Be2 c5 10. Qa3 b6 11. e5 e6 12. h4 f6 13. h5 Bb7 14. hxg6 hxg6 15. Qb3 Bd5 16. Qc2 f5 17. Qd3 Qc7 18. Bd2 Rfd8 19. Ng5 Nf8 20. Rh4 Rac8 21. Qg3 cxd4 22. cxd4 Qc2 23. Bd3 Qb2 24. Rb1 Qxa2 25. Bb4 Bc4 26. Bxf8 Bxd3 27. Qxd3 Kxf8 28. Rd1 Qd5 29. Qh3 Bxe5 30. Rh7 Bg7 31. Qa3+ Rd6 32. Qxa7 Qa5+ 33. Qxa5 bxa5 34. Rh3 a4 35. Re3 Ke7 36. d5 Bc3+ 37. Ke2 a3 38. Nxe6 a2 39. Nc5+ Kf7 40. Rxc3 Rxd5 41. Ra1 1/2-1/2

[Event "WY U-16 Chess Olympiad 2019"]
[Site "Corum"]
[Date "2019.11.03"]
[Round "7"]
[White "Alexakis, Dimitris"]
[Black "Muradli, Mahammad"]
[Result "1-0"]
[WhiteElo "2459"]
[BlackElo "2459"]
[Annotator "TA"]
[PlyCount "97"]
[EventDate "2019.10.28"]
[EventType "team-tourn"]
[EventCountry "TUR"]
[SourceTitle "playchess.com"]
[Source "ChessBase"]
[SourceQuality "1"]

1. e4 c5 2. Nf3 d6 3. d4 cxd4 4. Nxd4 Nf6 5. Nc3 a6 6. g3 e5 7. Nde2 Nbd7 8. Bg2 b5 9. Nd5 Nxd5 10. Qxd5 Qc7 11. Be3 Bb7 12. Qd2 Nf6 13. Nc3 Be7 14. O-O O-O 15. Rac1 Rac8 16. a3 h6 17. Nd5 Bxd5 18. exd5 Bd8 19. b3 Ng4 20. c4 Nxe3 21. Qxe3 Bg5 22. f4 exf4 23. gxf4 Rfe8 24. Qf2 Bd8 25. Kh1 Qa5 26. c5 Qxa3 27. c6 Qxb3 28. Qa7 Bc7 29. Qxa6 Rb8 30. f5 Qe3 31. f6 Re4 32. Qa1 Rg4 33. Qb1 Rxg2 34. Kxg2 Qg5+ 35. Kh3 Ra8 36. Rc3 Qh5+ 37. Kg2 Qxd5+ 38. Rcf3 g6 39. Qd3 Qxc6 40. Qc3 Qd7 41. Qe3 g5 42. Qe7 Qc6 43. Qe3 Ra2+ 44. Kh3 Qc4 45. Rf4 Qc6 46. Rg4 d5 47. Rxg5+ Kh8 48. Rg8+ Kxg8 49. Rg1+ 1-0

[Event "WY U-16 Chess Olympiad 2019"]
[Site "Corum"]
[Date "2019.11.03"]
[Round "7"]
[White "Budisavljevic, Luka"]
[Black "Uzumcu, Ahmet Utku"]
[Result "0-1"]
[WhiteElo "2432"]
[BlackElo "2304"]
[Annotator "TA"]
[PlyCount "122"]
[EventDate "2019.10.28"]
[EventType "team-tourn"]
[EventCountry "TUR"]
[SourceTitle "playchess.com"]
[Source "ChessBase"]
[SourceQuality "1"]

1. Nf3 Nf6 2. c4 g6 3. Nc3 d5 4. cxd5 Nxd5 5. e4 Nxc3 6. dxc3 Qxd1+ 7. Kxd1 f6 8. h4 Bg4 9. Kc2 e5 10. Nd2 c6 11. f3 Be6 12. h5 g5 13. Bc4 Kf7 14. a4 Nd7 15. b4 a5 16. Bxe6+ Kxe6 17. Kb3 axb4 18. cxb4 b5 19. Ra2 bxa4+ 20. Rxa4 Be7 21. Rxa8 Rxa8 22. Ba3 c5 23. bxc5 Nxc5+ 24. Bxc5 Bxc5 25. Rc1 Be3 26. Rc6+ Kd7 27. Rc3 Bd4 28. Rc1 Rb8+ 29. Kc2 Rb2+ 30. Kd3 Ra2 31. Rb1 Kc6 32. Rb8 Ra3+ 33. Ke2 Re3+ 34. Kf1 Kc5 35. Rc8+ Kb4 36. Rc4+ Kb5 37. Rc7 Kb4 38. Rc4+ Kb5 39. Rc7 Kb4 40. h6 Bc3 41. Rxh7 Bxd2 42. Rh8 g4 43. fxg4 Re1+ 44. Kf2 Rh1 45. h7 Kc3 46. g5 Bxg5 47. Kf3 f5 48. exf5 Kd3 49. Kg4 Be7 50. f6 Bxf6 51. Rf8 Bg7 52. Rf7 Rxh7 53. Kf5 e4 54. Rd7+ Ke3 55. g4 Kf3 56. g5 e3 57. Kg6 Rh4 58. Rf7+ Rf4 59. Kxg7 e2 60. Re7 Re4 61. Rf7+ Kg4 0-1

[Event "WY U-16 Chess Olympiad 2019"]
[Site "Corum"]
[Date "2019.11.03"]
[Round "7"]
[White "Suleymanli, Aydin"]
[Black "Spyropoulos, Nikolaos"]
[Result "1/2-1/2"]
[WhiteElo "2426"]
[BlackElo "2409"]
[Annotator "TA"]
[PlyCount "95"]
[EventDate "2019.10.28"]
[EventType "team-tourn"]
[EventCountry "TUR"]
[SourceTitle "playchess.com"]
[Source "ChessBase"]
[SourceQuality "1"]

1. d4 e6 2. c4 f5 3. Nc3 Bb4 4. e3 Nf6 5. Bd2 O-O 6. Bd3 d6 7. Nge2 b6 8. O-O Bb7 9. Nf4 Qe7 10. d5 Bxc3 11. Bxc3 exd5 12. cxd5 g6 13. Rc1 Nbd7 14. Bxf6 Nxf6 15. Bb5 Rac8 16. Bc6 Bxc6 17. Rxc6 Qe5 18. Qc2 Rf7 19. Rd1 g5 20. Ne6 h6 21. Qb3 Ng4 22. g3 Qe4 23. Qc2 Ne5 24. Qxe4 fxe4 25. Rc2 Re7 26. Nd4 Nf3+ 27. Nxf3 exf3 28. Rd4 Kf7 29. Kf1 Ke8 30. Ke1 Kd7 31. Kd2 Rce8 32. Kd3 Kc8 33. h3 h5 34. h4 g4 35. Rf4 Re5 36. e4 R8e7 37. Rc4 Kb7 38. Rd4 Kc8 39. Ke3 Kb8 40. Rf6 c5 41. dxc6 d5 42. Rf4 Kc7 43. Kd3 dxe4+ 44. Rfxe4 Kxc6 45. Rc4+ Kd6 46. Rcd4+ Kc6 47. Rc4+ Kd6 48. Rcd4+ 1/2-1/2

[Event "WY U-16 Chess Olympiad 2019"]
[Site "Corum"]
[Date "2019.11.03"]
[Round "7"]
[White "Babazada, Khazar"]
[Black "Kenbeilov, Timur"]
[Result "1-0"]
[WhiteElo "2408"]
[BlackElo "1844"]
[Annotator "RC"]
[PlyCount "79"]
[EventDate "2019.10.28"]
[EventType "team-tourn"]
[EventCountry "TUR"]
[SourceTitle "playchess.com"]
[Source "ChessBase"]
[SourceQuality "1"]

1. Nf3 d5 2. g3 c6 3. Bg2 e6 4. O-O Be7 5. d3 f5 6. Nbd2 Nf6 7. b3 O-O 8. Bb2 Nbd7 9. Re1 Qc7 10. e4 Nc5 11. exf5 exf5 12. Rxe7 Qxe7 13. Ba3 Ng4 14. d4 Nxf2 15. Bxc5 Qxc5 16. dxc5 Nxd1 17. Rxd1 f4 18. c4 dxc4 19. Nxc4 fxg3 20. hxg3 Bg4 21. Rd3 Rae8 22. Nfe5 Be2 23. Rd2 Bxc4 24. Nxc4 Rf5 25. b4 Re1+ 26. Kh2 Rh5+ 27. Bh3 g5 28. Kg2 g4 29. Bxg4 Rhh1 30. Be2 Reg1+ 31. Kf2 Rc1 32. Ke3 Rc3+ 33. Kf4 Rh2 34. Nd6 Rf2+ 35. Kg4 Rf6 36. Ne4 Rg6+ 37. Kf5 Rc1 38. Rd8+ Kg7 39. Rd7+ Kh6 40. g4 1-0